IIM Kozhikode Society & Management Review (Record no. 80522)

MARC details
000 -LEADER
fixed length control field 00860nas a22002657a 4500
001 - CONTROL NUMBER
control field 10153109
005 - DATE AND TIME OF LATEST TRANSACTION
control field 20131106130133.0
006 - FIXED-LENGTH DATA ELEMENTS--ADDITIONAL MATERIAL CHARACTERISTICS--GENERAL INFORMATION
fixed length control field m d
007 - PHYSICAL DESCRIPTION FIXED FIELD--GENERAL INFORMATION
fixed length control field cr n
008 - FIXED-LENGTH DATA ELEMENTS--GENERAL INFORMATION
fixed length control field 130201uuuuuuuuu||||| |ss|||||| ||||||d
022 ## - INTERNATIONAL STANDARD SERIAL NUMBER
International Standard Serial Number 2277-9752
035 ## - SYSTEM CONTROL NUMBER
System control number (WaSeSS)ssib011909804
040 ## - CATALOGING SOURCE
Original cataloging agency WaSeSS
Transcribing agency WaSeSS
Modifying agency WaSeSS
130 0# - MAIN ENTRY--UNIFORM TITLE
Uniform title IIM Kozhikode Society & Management Review (Online)
210 10 - ABBREVIATED TITLE
Abbreviated title IIM Kozhikode Society & Management Review
245 10 - TITLE STATEMENT
Title IIM Kozhikode Society & Management Review
260 ## - PUBLICATION, DISTRIBUTION, ETC. (IMPRINT)
Place of publication, distribution, etc New Delhi:
Name of publisher, distributor, etc Sage Publications,
260 ## - PUBLICATION, DISTRIBUTION, ETC. (IMPRINT)
Place of publication, distribution, etc Kozhikode
Name of publisher, distributor, etc Indian Institute of Management
300 ## - PHYSICAL DESCRIPTION
Extent v.
Dimensions 28 cm (Pbk)
310 ## - CURRENT PUBLICATION FREQUENCY
Current publication frequency Half yearly
650 ## - SUBJECT ADDED ENTRY--TOPICAL TERM
Topical term or geographic name as entry element Society
655 #0 - INDEX TERM--GENRE/FORM
Genre/form data or focus term Electronic journals.
856 40 - ELECTRONIC LOCATION AND ACCESS
Uniform Resource Identifier <a href="http//ksm.sagepub.com">http//ksm.sagepub.com</a>
Public note Full text available from SAGE Premier 2012: 01/01/2012 to present
942 ## - ADDED ENTRY ELEMENTS (KOHA)
Source of classification or shelving scheme Dewey Decimal Classification
Item type Periodicals
Serial record 1
Holdings
Withdrawn status Lost status Source of classification or shelving scheme Damaged status Not for loan Collection code Home library Current library Date acquired Total Checkouts Date last seen Copy number Price effective from Koha item type
    Dewey Decimal Classification     Non-fiction D.B.Act.Division D.B.Act.Division 06/11/2013   06/11/2013 1 06/11/2013 Periodicals

© Delhi Public Library
Hit Counter
free hit counter